The simply divine

Uloženo v:
Podrobná bibliografie
Hlavní autor: Smith, Van
Médium: Kniha
Jazyk:angličtina
Vydáno: St. Martins Press 1983
Tagy: Přidat tag
Žádné tagy, Buďte první, kdo vytvoří štítek k tomuto záznamu!

MARC

LEADER 00000nam a2200000 4500
005 20240925182959.0
008 240724b |||||||| |||| 00| 0 eng d
020 |a 978-0312725938 
040 |c GP 
100 |a Smith, Van 
245 |a The simply divine 
260 |b St. Martins Press  |c 1983 
942 |2 ddc  |c BK  |n 0 
952 |0 0  |1 0  |2 ddc  |4 0  |6 306_766740000000000_SMI  |7 1  |9 1704  |a RM  |b RM  |d 2024-07-24  |l 0  |o 306.766740 SMI  |p 463  |r 2024-07-24 17:11:59  |w 2024-07-24  |y BK 
999 |c 1517  |d 1517